Loss Models: from data to decision (Record no. 6509)

MARC details
000 -LEADER
fixed length control field 00591nam a22002057a 4500
003 - CONTROL NUMBER IDENTIFIER
control field OSt
005 - DATE AND TIME OF LATEST TRANSACTION
control field 20200129111800.0
008 - FIXED-LENGTH DATA ELEMENTS--GENERAL INFORMATION
fixed length control field 200129b ||||| |||| 00| 0 eng d
020 ## - INTERNATIONAL STANDARD BOOK NUMBER
International Standard Book Number 9780470187814
040 ## - CATALOGING SOURCE
Transcribing agency DDC
082 ## - DEWEY DECIMAL CLASSIFICATION NUMBER
Classification number 658.4 KLU 2008
100 ## - MAIN ENTRY--PERSONAL NAME
Personal name Klugman, Stuart A.; Panjer, Harry H.; Willmot, Gordon E.
9 (RLIN) 13373
245 ## - TITLE STATEMENT
Title Loss Models: from data to decision
250 ## - EDITION STATEMENT
Edition statement 3rd ed.
260 ## - PUBLICATION, DISTRIBUTION, ETC. (IMPRINT)
Place of publication, distribution, etc. New Jersey;
Name of publisher, distributor, etc. John Wiley & sons,
300 ## - PHYSICAL DESCRIPTION
Extent xix,726p;
Other physical details Col.ill:
Dimensions 26cm
504 ## - BIBLIOGRAPHY, ETC. NOTE
Bibliography, etc Appendices, references, & index
650 ## - SUBJECT ADDED ENTRY--TOPICAL TERM
Topical term or geographic name as entry element Decision making
9 (RLIN) 2026
942 ## - ADDED ENTRY ELEMENTS (KOHA)
Source of classification or shelving scheme Other/Generic Classification Scheme
Koha item type Open Shelf
Holdings
Withdrawn status Lost status Source of classification or shelving scheme Damaged status Not for loan Home library Current library Date acquired Source of acquisition Inventory number Total Checkouts Full call number Barcode Date last seen Koha item type
    Dewey Decimal Classification     MUST Main Library MUST Main Library 29/01/2020 Donation 11/33066   658.4 KLU 2008 2020-0205 29/01/2020 Open Shelf